Akhirnya bangau mendapat balasan

Bibliographic Details
Main Author: Ishak Hamzah
Format: Book
Published: Shah Alam : Selangor , 2002
Series:siri pantun karisma
Subjects:

MARC

LEADER 00000cam a2200000 7i4500
001 0000047932
005 20230125.0
008 150601
020 |a 9789832328513 
020 |a 9832328519 
090 0 0 |a NS   |b MAL 
100 1 |a Ishak Hamzah 
245 1 0 |a Akhirnya bangau mendapat balasan   |c Ishak Hamzah 
260 |a Shah Alam :   |b Selangor ,   |c 2002 
300 |a 22pg. :   |b col.ill 
490 1 |a siri pantun karisma 
650 0 |a Malay fiction 
999 |a 0000004068   |b Book   |c Children Collection   |e Cawangan Taman Universiti 
999 |a 0000004069   |b Book   |c Children Collection   |e Cawangan Taman Universiti 
999 |a 0000004070   |b Book   |c Children Collection   |e Cawangan Taman Universiti 
999 |a 0000004071   |b Book   |c Children Collection   |e Cawangan Taman Universiti 
999 |a 0000882694   |b Book   |c Children Collection   |e Cawangan Bandar Penawar 
999 |a 0001054424   |b Book   |c Children Collection   |e Cawangan Taman Universiti 
999 |a 0001054425   |b Book   |c Children Collection   |e Cawangan Segamat 
999 |a 0001054426   |b Digital Video Disc   |c Children Collection   |e Cawangan Bukit Gambir